| 000 | 02523nam0a2200373 4500 | ||
|---|---|---|---|
| 001 | RU\NLR\BIBL_A\022553179 | ||
| 005 | 20260420045123.0 | ||
| 010 |
_a978-5-238-04004-2 _91000 |
||
| 021 |
_aRU _bКН-П-25-017027 _9КН-П-25-1725 |
||
| 035 | _a(NLR Aleph) 022553179 | ||
| 090 |
_a13673730 _c13673730 |
||
| 100 | _a20250529d2025 u y0rusy50 ca | ||
| 101 | 0 | _arus | |
| 102 | _aRU | ||
| 105 | _aa j 000yy | ||
| 181 | 0 |
_ai3 _baxxe |
|
| 182 | 0 | _an | |
| 200 | 1 |
_aБанковский менеджмент _eучебник для студентов высших учебных заведений, обучающихся по экономическим профилям "Финансы и кредит", "Финансы в цифровой экономике", "Экономика и бизнес-аналитика", направлению подготовки (специальности) "Экономика" _f[Д. Н. Береснев - кандидат экономических наук, А. В. Генералова - кандидат экономических наук, доцент, С. Г. Дембицкий - доктор экономических наук, профессор и др.] _gпод редакцией доктора экономических наук, кандидата юридических наук, профессора Н. Д. Эриашвили |
|
| 203 |
_aТекст _bвизуальный _cнепосредственный |
||
| 210 |
_aМосква _cЮНИТИ-ДАНА _d2025 |
||
| 215 |
_a415 с. _cил., табл. _d22 |
||
| 225 | 1 |
_aУчетно-аналитическое обеспечение экономических процессов _eсерия учебных изданий |
|
| 300 | _aАвт. указаны на 3-4-й с. | ||
| 320 | _aБиблиогр.: с. 404-410 (44 назв.) | ||
| 606 | 1 |
_aМенеджмент банковский _jУчебники для высших учебных заведений _92184240 _3RU\NLR\AUTH\661313300 |
|
| 686 | 1 | _aУ26(2)210-21(2Р)я73 | |
| 701 | 1 |
_aБереснев _bД. Н. _gДмитрий Николаевич |
|
| 701 | 1 |
_aГенералова _bА. В. _gАнна Владимировна |
|
| 701 | 1 |
_aДембицкий _bС. Г. _gСергей Геннадьевич |
|
| 702 | 1 |
_4340 _7ca _8rus _aЭриашвили _bН. Д. _f1960- _gНодари Дарчоевич _911409 _3RU\NLR\AUTH\7728378 |
|
| 942 | _cBOOK | ||
| 980 | _aNB | ||